Code of Criminal Procedure: (Record no. 613185)
[ view plain ]
| 000 -LEADER | |
|---|---|
| fixed length control field | 00372nam a22001337a 4500 |
| 082 ## - DEWEY DECIMAL CLASSIFICATION NUMBER | |
| Classification number | 345.5491 |
| Author Mark | ANJ |
| 100 ## - MAIN ENTRY--PERSONAL NAME | |
| Personal name | Anjum, Ahsan Sohail |
| 245 ## - TITLE STATEMENT | |
| Title | Code of Criminal Procedure: |
| Remainder of title | [V of 1898] / |
| Statement of responsibility, etc. | Ahsan Sohail Anjum |
| 260 ## - PUBLICATION, DISTRIBUTION, ETC. | |
| Place of publication, distribution, etc. | Lahore : |
| Name of publisher, distributor, etc. | Mansoor Book House, |
| Date of publication, distribution, etc. | 2024. |
| 300 ## - PHYSICAL DESCRIPTION | |
| Extent | 700 p. |
| 563 ## - BINDING INFORMATION | |
| Binding note | HB. |
| 650 ## - SUBJECT ADDED ENTRY--TOPICAL TERM | |
| Topical term or geographic name entry element | Law, Criminal Law |
| 942 ## - ADDED ENTRY ELEMENTS (KOHA) | |
| Source of classification or shelving scheme | |
| Koha item type | Book |
| 650 ## - SUBJECT ADDED ENTRY--TOPICAL TERM | |
| -- | 128097 |
| Withdrawn status | Lost status | Source of classification or shelving scheme | Damaged status | Not for loan | Permanent Location | Current Location | Date acquired | Total Checkouts | Total Renewals | Full call number | Barcode | Checked out | Date last seen | Date last checked out | Price effective from | Koha item type |
|---|---|---|---|---|---|---|---|---|---|---|---|---|---|---|---|---|
| NUST Law School (NLS) | NUST Law School (NLS) | 03/04/2025 | 1 | 1 | 345.5491 ANJ | NLS-1074 | 11/27/2025 | 09/18/2025 | 09/18/2025 | 03/04/2025 | Book | |||||
| NUST Law School (NLS) | NUST Law School (NLS) | 03/04/2025 | 1 | 345.5491 ANJ | NLS-1075 | 10/10/2025 | 09/10/2025 | 09/10/2025 | 03/04/2025 | Book | ||||||
| NUST Law School (NLS) | NUST Law School (NLS) | 03/04/2025 | 2 | 345.5491 ANJ | NLS-1076 | 11/01/2025 | 10/02/2025 | 10/02/2025 | 03/04/2025 | Book |
